Les 4 Villes les plus peuplées par département - Statistiques

Statistiques générales
  • Ce quiz a été pris 47 fois
    29 depuis la dernière actualisation
  • Le résultat moyen est 238 sur 497
Statistiques - réponses
R Population Ville % Correct
1 42 065 Bourg en Bresse
92%
1 238 695 Lille
92%
1 877 215 Marseille
92%
1 108 398 Caen
88%
1 67 585 Calais
88%
3 74 040 Cannes
88%
1 520 774 Lyon
88%
1 121 695 Metz
88%
1 353 701 Nice
88%
1 291 709 Strasbourg
88%
4 15 570 Toul
88%
1 64 288 Valence
88%
1 75 343 Ajaccio
85%
1 47 459 Bastia
85%
1 166 462 Le Havre
85%
1 145 182 Le Mans
85%
1 58 202 Lorient
85%
1 307 101 Montpellier
85%
1 104 924 Mulhouse
85%
1 104 387 Nancy
85%
1 150 444 Nîmes
85%
1 116 344 Orléans
85%
1 2 113 705 Paris
85%
2 64 530 Quimper
85%
1 178 478 Reims
85%
2 116 331 Rouen
85%
1 172 569 St Etienne
85%
1 511 684 Toulouse
85%
2 147 933 Aix en Provence
81%
1 134 780 Amiens
81%
1 265 328 Bordeaux
81%
1 147 751 Clermont Ferrand
81%
2 67 360 Colmar
81%
1 159 941 Dijon
81%
1 156 389 Grenoble
81%
1 54 699 La Roche sur Yon
81%
1 49 474 Laval
81%
1 78 620 Pau
81%
1 120 996 Perpignan
81%
1 89 472 Poitiers
81%
1 44 607 St Brieuc
81%
1 148 907 | 156 149 St Denis
81%
1 180 834 Toulon
81%
1 138 668 Tours
81%
1 35 236 Auxerre
77%
1 120 057 Besançon
77%
1 140 993 Brest
77%
1 46 769 Brive la Gaillarde
77%
2 46 429 Carcassonne
77%
1 60 251 Chambéry
77%
1 40 656 Gap
77%
3 24 066 Laon
77%
1 79 961 La Rochelle
77%
4 32 697 Lens
77%
1 62 487 Montauban
77%
1 325 070 Nantes
77%
75 Paris
77%
1 227 830 Rennes
77%
1 24 136 Rodez
77%
2 99 507 Roubaix
77%
2 54 955 Vannes
77%
01 Ain
73%
2 45 025 Alès
73%
1 157 555 Angers
73%
1 41 423 Angoulême
73%
1 131 272 Annecy
73%
1 26 189 Aurillac
73%
2 53 312 Bayonne
73%
2 80 815 Béziers
73%
4 25 810 Biarritz
73%
2 43 218 Châlons en Champagne
73%
1 45 634 Charleville Mézières
73%
1 37 990 Chartres
73%
18 Cher
73%
2 21 716 Dax
73%
4 87 013 Dunkerque
73%
1 48 335 Evreux
73%
1 75 165 Fort de France
73%
3 12 854 Mayenne
73%
1 31 455 Mont de Marsan
73%
1 62 443 Troyes
73%
2 162 207 Villeurbanne
73%
2 42 621 Arras
69%
10 Aube
69%
1 91 760 Avignon
69%
2 14 615 Bar le Duc
69%
1 55 906 Beauvais
69%
1 45 646 Belfort
69%
1 64 238 Bourges
69%
14 Calvados
69%
2 17 694 Digne les Bains
69%
1 129 754 Limoges
69%
1 60 074 Niort
69%
1 29 176 Périgueux
69%
72 Sarthe
69%
2 16 727 Sedan
69%
3 66 701 Vénissieux
69%
1 83 918 Versailles
69%
2 25 702 Vichy
69%
1 32 193 Agen
65%
02 Aisne
65%
1 25 667 Alençon
65%
03 Allier
65%
06 Alpes Maritimes
65%
08 Ardennes
65%
3 51 156 Arles
65%
1 47 092 Blois
65%
2 42 700 Castres
65%
1 43 079 Châteauroux
65%
3 7 737 Corte
65%
2 92 859 Créteil
65%
29 Finistère
65%
2 9 731 Foix
65%
3 58 499 Fréjus
65%
2B Haute Corse
65%
05 Hautes Alpes
65%
50 Manche
65%
53 Mayenne
65%
56 Morbihan
65%
3 19 344 Moulins
65%
1 33 172 Nevers
65%
59 Nord
65%
2 47 255 St Malo
65%
3 85 254 St Pierre
65%
1 52 995 St Quentin
65%
3 99 160 Tourcoing
65%
4 31 555 Vienne
65%
2 25 254 Vierzon
65%
3 9 658 Albert
62%
1 50 605 Albi
62%
07 Ardèche
62%
09 Ariège
62%
1 22 825 Auch
62%
11 Aude
62%
12 Aveyron
62%
67 Bas Rhin
62%
2 20 233 Beaune
62%
13 Bouches du Rhône
62%
1 63 956 Cayenne
62%
2 21 418 Chaumont
62%
19 Corrèze
62%
2A Corse du Sud
62%
22 Côtes d'Armor
62%
2 31 205 Dreux
62%
26 Drôme
62%
1 32 296 Epinal
62%
91 Essonne
62%
1 66 700 Evry Courcouronnes
62%
30 Gard
62%
971 Guadeloupe
62%
1 12 814 Guéret
62%
973 Guyane
62%
68 Haut Rhin
62%
35 Ille et Vilaine
62%
1 18 989 Le Puy en Velay
62%
42 Loire
62%
51 Marne
62%
4 48 818 Martigues
62%
972 Martinique
62%
1 12 322 Mende
62%
2 25 516 Montbéliard
62%
2 40 356 Montélimar
62%
1 33 317 Montlucon
62%
57 Moselle
62%
2 98 119 Nanterre
62%
1 56 692 Narbonne
62%
60 Oise
62%
2 22 378 Oyonnax
62%
62 Pas de Calais
62%
69 Rhône
62%
2 25 312 Saintes
62%
77 Seine et Marne
62%
93 Seine St Denis
62%
80 Somme
62%
2 73 111 St Nazaire
62%
1 44 529 Tarbes
62%
90 Territoire de Belfort
62%
2 13 602 Tulle
62%
85 Vendée
62%
1 16 610 Verdun
62%
04 Alpes de Haute Provence
58%
2 76 612 Antibes
58%
1 107 135 Argenteuil
58%
16 Charente
58%
17 Charente Maritime
58%
1 78 028 Cherbourg en Cotentin
58%
2 54 074 Cholet
58%
2 18 466 Cognac
58%
3 20 632 Concarneau
58%
21 Côte d'Or
58%
23 Creuse
58%
4 14 966 Dinan
58%
1 23 784 Dole
58%
24 Dordogne
58%
25 Doubs
58%
27 Eure
58%
28 Eure et Loir
58%
33 Gironde
58%
31 Haute Garonne
58%
43 Haute Loire
58%
52 Haute Marne
58%
70 Haute Saône
58%
74 Haute Savoie
58%
65 Hautes Pyrénées
58%
87 Haute Vienne
58%
92 Hauts de Seine
58%
34 Hérault
58%
36 Indre
58%
37 Indre et Loire
58%
38 Isère
58%
39 Jura
58%
40 Landes
58%
2 48 740 Les Sables d'Olonne
58%
44 Loire Atlantique
58%
45 Loiret
58%
41 Loir et Cher
58%
48 Lozère
58%
2 34 759 Mâcon
58%
49 Maine et Loire
58%
54 Meurthe et Moselle
58%
55 Meuse
58%
2 21 859 Millau
58%
2 110 758 Montreuil
58%
58 Nièvre
58%
61 Orne
58%
63 Puy de Dome
58%
64 Pyrenées Atlantiques
58%
66 Pyrénées Orientales
58%
974 Réunion
58%
71 Saône et Loire
58%
73 Savoie
58%
3 45 090 Sète
58%
2 28 667 Soissons
58%
81 Tarn
58%
82 Tarn et Garonne
58%
2 42 778 Thionville
58%
94 Val de Marne
58%
95 Val d'Oise
58%
83 Var
58%
84 Vaucluse
58%
86 Vienne
58%
88 Vosges
58%
89 Yonne
58%
78 Yvelines
58%
2 32 175 Aix les Bains
54%
3 19 706 Albertville
54%
2 10 748 Briancon
54%
15 Cantal
54%
79 Deux Sèvres
54%
32 Gers
54%
4 55 384 Hyères
54%
2 38 432 Joué les Tours
54%
46 Lot
54%
47 Lot et Garonne
54%
2 77 136 Mérignac
54%
3 29 357 Orange
54%
3 66 874 Pessac
54%
3 35 364 Roanne
54%
3 23 188 Rochefort
54%
76 Seine Maritime
54%
2 27 275 Sens
54%
1 15 306 Vesoul
54%
3 37 595 Annemasse
50%
2 12 488 Aubenas
50%
2 26 852 Bergerac
50%
3 41 039 Boulogne sur Mer
50%
4 52 852 Cagnes sur Mer
50%
2 69 578 Cergy
50%
1 44 592 Châlon sur Saône
50%
2 40 808 Compiègne
50%
2 62 905 La Seyne sur Mer
50%
2 16 942 Lons le Saunier
50%
3 43 685 Melun
50%
3 17 928 Pontarlier
50%
2 11 536 Porto Vecchio
50%
2 51 732 St Laurent du Maroni
50%
2 19 352 St Lô
50%
2 106 220 St Paul
50%
4 29 612 Agde
46%
1 120 205 Boulogne Billancourt
46%
2 30 854 Carpentras
46%
2 31 105 Châtellerault
46%
3 36 708 Echirolles
46%
1 56 659 Meaux
46%
3 7 776 Sisteron
46%
2 37 689 Thonon les Bains
46%
3 9 174 Ussel
46%
4 27 314 Blagnac
42%
1 19 902 Cahors
42%
4 15 068 Chateau Thierry
42%
4 90 692 Colombes
42%
3 22 022 Epernay
42%
3 20 602 Fougères
42%
2 20 525 Lannion
42%
1 51 760 Les Abymes
42%
4 81 964 Le Tampon
42%
2 13 266 Lourdes
42%
3 17 920 Lunéville
42%
1 22 807 Manosque
42%
4 3 562 Nogent
42%
1 16 512 Pamiers
42%
4 43 349 Rezé
42%
3 18 680 Riom
42%
3 33 139 Romans sur Isère
42%
4 19 322 Royan
42%
3 26 074 Saumur
42%
1 22 811 St Dizier
42%
4 45 869 Talence
42%
4 52 448 Vaulx en Velin
42%
3 7 380 Yssingeaux
42%
2 22 406 Abbeville
38%
3 42 288 Anglet
38%
3 91 457 Asnières sur Seine
38%
3 12 212 Castelnaudary
38%
3 22 890 Challans
38%
2 40 916 Colomiers
38%
3 6 454 Condom
38%
3 36 494 Creil
38%
4 21 111 Forbach
38%
3 19 540 Lisieux
38%
4 44 246 Mantes la Jolie
38%
3 17 361 Marmande
38%
3 50 597 Massy
38%
4 10 121 Parthenay
38%
3 58 576 Sarcelles
38%
2 35 586 St Chamond
38%
2 19 324 St Dié des Vosges
38%
2 6 390 St Flour
38%
3 45 286 St Germain en Laye
38%
3 50 561 St Herblain
38%
2 10 102 Borgo
35%
2 19 860 Bressuire
35%
4 25 890 Cavaillon
35%
3 12 799 Granville
35%
2 36 070 Haguenau
35%
2 10 953 Issoudun
35%
4 11 444 La Hague
35%
3 7 683 Langres
35%
3 20 536 Le Creusot
35%
3 7 912 Lure
35%
3 7 435 Rethel
35%
4 8 786 Sarlat la Caneda
35%
3 34 382 Schiltigheim
35%
2 38 022 St Martin d'Hères
35%
4 76 010 St Maur des Fossés
35%
3 15 566 Vendôme
35%
4 11 349 Vitry le François
35%
1 17 222 Annonay
31%
3 13 494 Argentan
31%
3 89 489 Aubervilliers
31%
4 86 360 Aulnay sous Bois
31%
4 7 060 Bagnères de Bigorre
31%
3 15 412 Biscarosse
31%
3 78 367 Champigny sur Marne
31%
2 9 757 Figeac
31%
2 15 081 La Flèche
31%
4 16 327 Landerneau
31%
3 23 188 Lanester
31%
2 4 928 La Souterraine
31%
4 6 188 Le Blanc
31%
3 12 194 Sablé sur Sarthe
31%
3 29 039 Sotteville les Rouen
31%
3 8 556 St Claude
31%
2 24 841 Vernon
31%
2 22 004 Villeneuve sur Lot
31%
4 15 554 Ambérieu en Bugey
27%
3 3 036 Aubusson
27%
2 13 005 Canet en Roussillon
27%
2 14 335 Castelsarrasin
27%
4 12 898 Châteaudun
27%
2 16 539 Château Gontier sur Mayenne
27%
2 20 020 Cournon d'Auvergne
27%
2 5 677 Delle
27%
3 6 387 Embrun
27%
4 17 128 Firminy
27%
3 16 080 Gaillac
27%
2 10 525 Héricourt
27%
2 39 346 Le Lamentin
27%
3 21 869 Montigny les Metz
27%
4 7 139 Péronne
27%
2 51 570 Sartrouville
27%
3 9 690 St Amand Montrond
27%
3 6 129 St Girons
27%
3 29 724 Tournefeuille
27%
3 11 302 Tournon sur Rhône
27%
2 29 697 Vandoeuvre lès Nancy
27%
4 14 009 Audincourt
23%
4 19 872 Bourg lès Valence
23%
4 6 523 Brioude
23%
4 8 035 Champagnole
23%
2 54 372 Chelles
23%
4 17 366 Cluses
23%
2 9 786 Cosne Cours sur Loire
23%
4 13 329 Cusset
23%
4 8 380 Evron
23%
2 22 473 Hérouville St Clair
23%
3 16 911 Lamballe Armor
23%
3 27 205 Le Gosier
23%
2 8 874 Monistrol sur Loire
23%
4 16 946 Montceau les Mines
23%
2 22 988 Olivet
23%
4 28 653 St Etienne du Rouvray
23%
2 11 382 St Junien
23%
3 22 530 St Louis
23%
3 16 162 Valserhone
23%
4 11 502 Villefranche de Rouergue
23%
1 95 282 Vitry sur Seine
23%
4 15 695 Beaucaire
19%
4 19 667 Bruz
19%
4 17 591 Chamalières
19%
3 5 332 Commercy
19%
2 53 712 Corbeil Essonnes
19%
2 14 308 Flers
19%
3 4 080 Gourdon
19%
4 27 339 Illkirch Graffenstaden
19%
4 6 674 Luxeuil les Bains
19%
2 4 752 Marvejols
19%
4 20 754 Montaigu Vendée
19%
4 18 873 Ploemeur
19%
4 38 941 Pontault Combault
19%
4 3 864 Propriano
19%
2 14 751 Romilly sur Seine
19%
2 18 377 Romorantin Lanthenay
19%
4 25 764 Sèvremoine
19%
3 10 057 Soyaux
19%
4 24 415 Ste Anne
19%
3 13 949 Thouars
19%
4 10 740 Allonnes
15%
3 14 299 Chenôve
15%
4 5 025 Decize
15%
4 6 356 Givet
15%
4 11 277 Guilherand Granges
15%
3 9 055 Joigny
15%
4 12 603 La Chapelle St Luc
15%
4 7 771 L'Aigle
15%
4 12 167 La Motte Servolex
15%
3 21 490 Le Robert
15%
3 18 347 Louviers
15%
4 7 995 Malemort
15%
4 6 042 Oraison
15%
4 19 342 Schoelcher
15%
4 11 986 Talant
15%
4 17 411 Vire Normandie
15%
3 18 124 Bagnols sur Cèze
12%
2 30 943 Baie Mahault
12%
4 7 638 Biguglia
12%
4 6 858 Caussade
12%
4 21 664 Fleury les Aubrais
12%
4 42 388 Garges les Gonesse
12%
3 8 827 Golbey
12%
4 6 018 Lavelanet
12%
4 10 855 Lezignan Corbières
12%
3 15 658 Lucé
12%
4 21 859 Nogent sur Oise
12%
3 11 207 Panazol
12%
3 12 695 St André les Vergers
12%
3 11 995 St Cyprien
12%
4 9 650 St Doulchard
12%
3 22 088 St Jean de Braye
12%
4 14 114 St Paul lès Dax
12%
4 15 698 St Pierre des Corps
12%
4 8 433 Thaon les Vosges
12%
4 9 461 Tonneins
12%
4 12 939 Val de Reuil
12%
3 6 363 Arpajon sur Cère
8%
3 8 033 Aureilhan
8%
4 4 985 Beaucourt
8%
3 10 628 Boulazac Isle Manoire
8%
4 10 011 Couzeix
8%
3 7 618 Déols
8%
4 6 130 Fleurance
8%
4 13 275 Graulhet
8%
4 7 597 Jaunay Marigny
8%
2 9 499 L'Isle Jourdain
8%
3 35 551 Matoury
8%
4 6 878 Migennes
8%
3 13 652 Moissac
8%
3 12 062 Onet le Chateau
8%
4 27 037 Remire Montjoly
8%
4 37 775 Savigny sur Orge
8%
3 4 025 St Chély d'Apcher
8%
3 16 766 St Cyr sur Loire
8%
4 11 673 St Estève
8%
4 3 848 St Mihiel
8%
3 5 193 Valdoie
8%
3 9 166 Varennes Vauzelles
8%
4 8 050 Vineuil
8%
4 15 491 Wittenheim
8%
3 4 258 Bastelicaccia
4%
4 7 759 La Couronne
4%
4 2 860 Langogne
4%
4 3 566 Laragne Monteglin
4%
4 3 600 Pradines
4%
4 2 531 Ste Feyre
4%
4 4 316 Ytrac
4%
3 10 253 Bruxerolles
0%
Aucun quiz correspondant
Distribution des résultats
% des personnes avec chaque résultat
Percentile par nombre de réponses
Votre historique - résultats
Vous n’avez pas pris ce quiz depuis la dernière actualisation